| 000 | 00577nam a2200229Ia 4500 | ||
|---|---|---|---|
| 003 | OSt | ||
| 005 | 20220918200910.0 | ||
| 006 | a|||||r|||| 00| 0 | ||
| 007 | ta | ||
| 008 | 220917b |||||||| |||| 00| 0 eng d | ||
| 024 | _a90,713 | ||
| 037 | _cTextual | ||
| 040 |
_aARTS _cARTS _beng |
||
| 041 |
_2eng _aeng |
||
| 082 | _aVv1.L, M6 | ||
| 100 |
_aAvis Paul _995940 |
||
| 245 | 0 |
_aFoundations of modern historical _b from Machiovelli to Vico |
|
| 260 | _c1986 | ||
| 650 | _aHISTORY | ||
| 942 |
_hVv1.L, M6 _cTEXL _2CC |
||
| 999 |
_c214374 _d214374 |
||